| 000 | 00359nam a22001337a 4500 | ||
|---|---|---|---|
| 999 |
_c15464 _d15464 |
||
| 020 | _a8186308822 | ||
| 082 |
_a631.45 _bSUR/OB |
||
| 100 |
_aSuresh,R. _93176 |
||
| 245 | _aAn objective review in soil and water engineering / | ||
| 260 |
_aNew delhi ; _bStandard publishers distributors , _c2017. |
||
| 300 | _a648p. | ||
| 700 |
_aMishra,A.P. _93178 |
||
| 942 | _cBK | ||